Flagi państw Brytyjskiej Wspólnoty Narodów - Statystyki

Ogólne statystyki
  • Ten quiz został rozwiązany 113 razy
  • Średni wynik to 42 z 54
Statystyki odpowiedzi
Obrazkowy Hint Odpowiedź % Poprawnych
od 1926 r. Australia
100%
od 1926 r. Kanada
100%
od 1926 r. Wielka Brytania
100%
od 1926 r. Nowa Zelandia
99%
od 1947 r. Indie
98%
od 1947 r. Pakistan
98%
od 1926 r. Republika Południowej Afryki
98%
od 1961 r. Cypr
95%
od 1960 r. Nigeria
95%
od 1962 r. Jamajka
93%
od 1964 r. Malta
92%
od 1963 r. Kenia
91%
od 1948 r. Sri Lanka
91%
od 1963 r. Malezja
87%
od 1962 r. Uganda
87%
od 1965 r. Singapur
86%
od 1972 r. Bangladesz
85%
od 1957 r. Ghana
84%
od 1966 r. Barbados
79%
od 1962 r. Trynidad i Tobago
79%
od 1970 r. Fidżi
78%
od 1975 r. Papua Nowa Gwinea
78%
od 1976 r. Seszele
78%
od 1964 r. Zambia
77%
od 1978 r. Dominika
76%
od 1973 r. Bahamy
75%
od 1966 r. Botswana
75%
od 1968 r. Eswatini
75%
od 1995 r. Mozambik
75%
od 1964 r. Tanzania
75%
od 1970 r. Tonga
75%
od 1983 r. Brunei
74%
od 1966 r. Gujana
74%
od 1979 r. Kiribati
74%
od 1966 r. Lesotho
73%
od 1981 r. Belize
72%
od 1982 r. Malediwy
72%
od 1970 r. Samoa
72%
od 1964 r. Malawi
71%
od 1974 r. Grenada
70%
od 1995 r. Kamerun
70%
od 1981 Antigua i Barbuda
69%
od 1979 r. Saint Lucia
69%
od 1999 r. Nauru
67%
od 1961 r. Sierra Leone
67%
od 1980 r. Vanuatu
66%
od 1978 r. Wyspy Salomona
65%
od 2009 r. Rwanda
64%
od 1979 r. Saint Vincent i Grenadyny
64%
od 1990 r. Namibia
62%
od 1965 r. Gambia
61%
od 1968 r. Mauritius
61%
od 1978 r. Tuvalu
61%
od 1983 r. Saint Kitts i Nevis
57%
Nie znaleziono quizów pasujących do podanych kryteriów
Rozkład punktacji
Procent ludzi z każdym wynikiem
Percentyl według liczby udzielonych odpowiedzi
Twoja historia wyników
Nie rozwiązałeś tego quizu